HALAL & INNOVATION : (Record no. 23922)

MARC details
000 -LEADER
fixed length control field 00848nam a2200253#a 4500
001 - CONTROL NUMBER
control field 02363
003 - CONTROL NUMBER IDENTIFIER
control field HDC
007 - PHYSICAL DESCRIPTION FIXED FIELD--GENERAL INFORMATION
fixed length control field ta
008 - FIXED-LENGTH DATA ELEMENTS--GENERAL INFORMATION
fixed length control field 230623s2023 xx 000 0 eng d
040 ## - CATALOGING SOURCE
Original cataloging agency HDC
050 ## - LIBRARY OF CONGRESS CALL NUMBER
Classification number TP370
Item number .H35 2014
110 ## - MAIN ENTRY--CORPORATE NAME
Corporate name or jurisdiction name as entry element Halal Industry Development Corporation,
Relator term issuing body."
245 #0 - TITLE STATEMENT
Title HALAL & INNOVATION :
Remainder of title CREATING NEW WEALTH TOWARDS THE NATION'S ECONOMY /
Statement of responsibility, etc. Halal Industry Development Corporation
650 ## - SUBJECT ADDED ENTRY--TOPICAL TERM
Topical term or geographic name entry element Land settlement
Geographic subdivision Malaysia.
650 ## - SUBJECT ADDED ENTRY--TOPICAL TERM
Topical term or geographic name entry element Real estate development
Geographic subdivision Malaysia.
650 ## - SUBJECT ADDED ENTRY--TOPICAL TERM
Topical term or geographic name entry element Rural development
Geographic subdivision Malaysia.
700 ## - ADDED ENTRY--PERSONAL NAME
Personal name Felda Global Ventures Holdings Berhad,
Relator term issuing body.
700 ## - ADDED ENTRY--PERSONAL NAME
Personal name Felda Global Ventures Holdings Berhad,
Relator term issuing body.
700 ## - ADDED ENTRY--PERSONAL NAME
Personal name Lembaga Kemajuan Tanah Persekutuan,
Relator term issuing body.
942 ## - ADDED ENTRY ELEMENTS (KOHA)
Source of classification or shelving scheme Library of Congress Classification
942 ## - ADDED ENTRY ELEMENTS (KOHA)
Koha item type Book
942 ## - ADDED ENTRY ELEMENTS (KOHA)
Call number prefix TP370
942 ## - ADDED ENTRY ELEMENTS (KOHA)
Call number suffix .H35 2014
Holdings
Withdrawn status Lost status Source of classification or shelving scheme Damaged status Not for loan Collection Home library Current library Shelving location Date acquired Total checkouts Full call number Barcode Date last seen Price effective from Koha item type
    Library of Congress Classification     Non-fiction Halal Development Corporation Library Halal Development Corporation Library Open Shelves 17/11/2020   TP370 .H35 2014 HDC0001577 24/05/2023 24/05/2023 Book
Halal Development Corporation Berhad (HDC)
5.02 Level 5, KPMG Tower, First Avenue, Persiaran Bandar Utama, 47800 Petaling Jaya, Selangor Darul Ehsan
Phone: +603 7965 5489 Email: [email protected]